1980's TV Shows by Cast Quiz Stats

 Plays Quiz not verified by Sporcle

Challenge
Share
Tweet
Score 0/25 Timer 06:00
0 Plays Today
% Correct
The A-Team
100%
Miami Vice
92.7%
Who's the Boss?
90.2%
Family Ties
89%
Magnum P.I.
87.8%
Dynasty
86.6%
Moonlighting
85.4%
The Wonder Years
84.1%
Dallas
81.7%
21 Jump Street
80.5%
The Dukes of Hazzard
79.3%
Night Court
75.6%
The Facts of Life
72%
% Correct
Growing Pains
70.7%
St. Elsewhere
67.1%
Punky Brewster
65.9%
Hill Street Blues
65.9%
T.J. Hooker
65.9%
Mr. Belvedere
59.8%
Webster
59.8%
Silver Spoons
51.2%
My Two Dads
50%
Knots Landing
47.6%
The Fall Guy
32.9%
Small Wonder
31.7%

You're not logged in!

Compare scores with friends on all Sporcle quizzes.
Join for Free
OR
Log In

You Might Also Like...

Show Comments

Extras

Created Jul 31, 2017ReportNominate
Tags:Cast Quiz, Show Quiz, 1980

Top Quizzes Today


Score Distribution

Your Account Isn't Verified!

In order to create a playlist on Sporcle, you need to verify the email address you used during registration. Go to your Sporcle Settings to finish the process.

Report this User

Report this user for behavior that violates our Community Guidelines.

Details: